Statistiques concernant Effectif des vainqueurs de la Ligue des Champions 2010-2020

Cliquez ici pour prendre le quiz!

Statistiques générales

  • Ce quiz a été pris 4 762 fois
  • Le résultat moyen est 112 sur 153

Statistiques - réponses

RéponseNationalité% Correct
Cristiano RonaldoPortugal
96%
Lionel MessiArgentine
96%
Gareth BalePays de Galles
95%
Karim BenzemaFrance
95%
Luka ModricCroatie
95%
Keylor NavasCosta Rica
94%
Manuel NeuerAllemagne
94%
Sergio RamosEspagne
94%
Toni KroosAllemagne
94%
Andrés IniestaEspagne
92%
Mohamed SalahÉgypte
92%
Raphael VaraneFrance
92%
Sadio ManéSénégal
92%
AlissonBrésil
91%
MarceloBrésil
91%
XaviEspagne
91%
David AlabaAutriche
90%
Luis SuarezUruguay
90%
NeymarBrésil
90%
Daniel CarvajalEspagne
89%
Gerard PiquéEspagne
89%
Iker CasillasEspagne
89%
Marc André Ter StegenAllemagne
89%
Robert LewandowskiPologne
89%
Virgil Van DijkPays-Bas
89%
CasemiroBrésil
88%
Didier DrogbaCote d'Ivoire
88%
Kingsley ComanFrance
88%
Alphonso DaviesCanada
87%
Andrew RobertsonÉcosse
87%
Daniel AlvesBrésil
87%
Petr CechRépublique Tchèque
87%
Roberto FirminoBrésil
87%
Trent Alexander-ArnoldAngleterre
87%
Ivan RakiticCroatie
85%
Thomas MullerAllemagne
85%
Sergio BusquetsEspagne
84%
Javier MascheranoArgentine
83%
Franck RibéryFrance
82%
Philipp LahmAllemagne
82%
Arjen RobbenPays-Bas
81%
Victor ValdesEspagne
81%
Joel MatipCameroun
80%
Jordan HendersonAngleterre
80%
Joshua KimmichAllemagne
80%
Jordi AlbaEspagne
79%
FabinhoBrésil
78%
Jerome BoatengAllemagne
78%
Samuel Eto'oCameroun
78%
Divock OrigiBelgique
74%
Georginio WijnaldumPays-Bas
73%
IscoEspagne
72%
Thiago AlcantaraEspagne
72%
Angel Di MariaArgentine
71%
Éric AbidalFrance
71%
Marco AsensioEspagne
70%
David VillaEspagne
69%
Mario MandzukicCroatie
67%
Leon GoretzkaAllemagne
66%
PedroEspagne
66%
Frank LampardAngleterre
65%
Julio CesarBrésil
65%
Serge GnabryAllemagne
65%
Fabio CoentraoPortugal
61%
Sami KhediraAllemagne
60%
Diego MilitoArgentine
58%
Jeremy MathieuFrance
58%
Carles PuyolEspagne
57%
Ivan PerisicCroatie
57%
DanteBrésil
56%
James MilnerAngleterre
56%
Wesley SneijderPays-Bas
56%
Javier ZanettiArgentine
54%
Joe GomezAngleterre
53%
Mario GomezAllemagne
53%
David LuizBrésil
52%
Fernando TorresEspagne
52%
Ashley ColeAngleterre
51%
Corentin TolissoFrance
51%
Javi MartinezEspagne
50%
NachoEspagne
49%
MaiconBrésil
48%
Florent MaloudaFrance
46%
Seydou KeitaMali
45%
Bastian SchweinsteigerAllemagne
44%
Philippe CoutinhoBrésil
44%
Goran PandevMacédoine du Nord
43%
Gary CahillAngleterre
42%
Lucas VazquezEspagne
42%
John Obi MikelNigéria
41%
Niklas SuleAllemagne
41%
LucioBrésil
39%
Alvaro MorataEspagne
38%
Juan MataEspagne
35%
Salomon KalouCote d'Ivoire
32%
Esteban CambiassoArgentine
31%
José BosingwaPortugal
24%
Walter SamuelArgentine
22%
Cristian ChivuRoumanie
21%
DaniloBrésil
20%
Dejan StankovicSerbie
20%
Ibrahim AfellayPays-Bas
18%
Luiz GustavoBrésil
16%
Marco MaterazziItalie
16%
Sulley MuntariGhana
16%
Ryan BertrandAngleterre
14%

Distribution des résultats

Percentile par nombre de réponses

% des personnes avec chaque résultat

Votre développement - résultats

Vous n’avez pas pris ce quiz